| 000 | 00430 a2200133 4500 | ||
|---|---|---|---|
| 005 | 20250611131450.0 | ||
| 020 | _a978-1-119-7217-4 | ||
| 082 | _a620 MEK | ||
| 100 | _aMEKID, S. | ||
| 245 | _aMetrology and Instrumentation: Practical Application for Engineering and Manufacturing. | ||
| 260 |
_aUSA, _bJohn Wiley & Sons, _c2022. |
||
| 300 |
_axviii,357p.; ill.; figures, pictures, table. _bIndex & References _c25cm. |
||
| 942 |
_2ddc _cBKS |
||
| 999 |
_c3262 _d3262 |
||